| 000 | 00699nam a2200181 a 4500 | ||
|---|---|---|---|
| 001 | 000016017 | ||
| 005 | 20200929164235.0 | ||
| 008 | 100223s199? dr 000 0 spa d | ||
| 040 |
_aDO-SdBNP _bspa _cBNPHU |
||
| 082 |
_axxxx _bV335a |
||
| 100 | 1 |
_aVásquez y Vásquez, José _935967 |
|
| 245 | 1 | 3 |
_aEl anacronismo de un riguroso plan de clase / _cJosé Vásquez y Vásquez. |
| 260 |
_aSanto Domingo : _b[s.n.], _c199? |
||
| 300 |
_a72 p. ; _c16 cm. |
||
| 500 | _aIncluye datos biográficos del autor en la contracubierta | ||
| 500 | _a"El maestro dominicano es digno de admiración, puesto es humilde y laborioso como un vasallo; pero sabe pensar en grande como un señor feudal" | ||
| 049 | _aBNPD | ||
| 999 |
_c15559 _d15559 |
||